[Event "Svetla nad Sazavou Mares Memorial"]
[Site "Svetla nad Sazavou"]
[Date "2023.12.29"]
[Round "6"]
[White "Netolicky, Tomas"]
[Black "Lang, Simon"]
[Result "0-1"]
[WhiteElo "1685"]
[BlackElo "1919"]
[PlyCount "66"]
[EventDate "2023.12.29"]
[EventType "swiss"]
[EventRounds "9"]
[EventCountry "CZE"]
[SourceTitle "CB02_2024"]
[SourceDate "2024.01.10"]
[SourceVersion "1"]
[SourceVersionDate "2024.01.10"]
[SourceQuality "1"]

1. d4 e6 2. Bf4 Nf6 3. Nf3 d6 4. e3 b6 5. Bd3 Bb7 6. c3 g6 7. Nbd2 Bg7 8. 0-0 0-0 9. h3 Nbd7 10. Bg3 Re8 11. Re1 e5 12. e4 Qe7 13. d5 Rf8 14. b4 Nh5 15. Bh4 Qe8 16. Bg5 f5 17. exf5 gxf5 18. Bb5 h6 19. Bh4 Bxd5 20. Bxd7 Qxd7 21. Nxe5 dxe5 22. Qxh5 Rae8 23. Nb3 Ba8 24. Rad1 Qc6 25. f3 e4 26. fxe4 fxe4 27. Nd4 Qxc3 28. Nf5 Rf7 29. Nxh6+ Bxh6 30. Qxh6 Rg7 31. Bf6 Rxg2+ 32. Kh1 Qf3 33. Rf1 Rf2+ 0-1